[Event "URS-ch57"]
[Site "Leningrad"]
[Date "1990.??.??"]
[Round "?"]
[White "Bareev, Evgeny"]
[Black "Aseev, Konstantin N"]
[Result "1-0"]
[WhiteElo "2590"]
[BlackElo "2575"]
[Annotator "Ftacnik,L"]
[PlyCount "57"]
[EventDate "1990.10.??"]
[EventType "tourn"]
[EventRounds "13"]
[EventCountry "URS"]
[EventCategory "14"]
[SourceTitle "URS-ch"]
[Source "ChessBase"]
[SourceDate "1999.07.01"]
[SourceVersion "1"]
[SourceVersionDate "1999.07.01"]
[SourceQuality "1"]

1. d4 Nf6 2. c4 e6 3. Nc3 Bb4 4. e3 c5 5. Nge2 cxd4 6. exd4 d5 7. c5 Ne4 8. Bd2
Nc6 (8... Nxd2 9. Qxd2 a5 10. a3 Bxc3 11. Nxc3 a4) 9. Nxe4 dxe4 10. Bxb4 Nxb4
11. Nc3 (11. Qa4+ Nc6 12. Rd1 O-O 13. Nc3 e3 14. fxe3 Qg5 15. Kf2 Bd7 $13 {
Knaak,R-Skembris,S/Thessaloniki olm/1988/ ->TD88_06}) 11... f5 {N} (11... Nc6
12. Nxe4 (12. Bb5 f5 $13) 12... Qxd4 13. Nd6+ Ke7 14. Qxd4 Nxd4 15. O-O-O $36)
(11... Qxd4 12. Qxd4 Nc2+ 13. Kd2 Nxd4 14. Nxe4 Ke7 15. Kc3 $14 {Garcia
Palermo,C-Laketic,G/Aosta op/1989/}) 12. Bb5+ Bd7 13. O-O Bxb5 (13... O-O 14.
Qb3 Bxb5 15. Qxe6+ Kh8 16. Nxb5 $16) 14. Nxb5 O-O 15. f3 (15. Qb3 Nd5) 15... e3
(15... exf3 16. Qxf3 Qd5 $6 17. Nc7 Qxd4+ 18. Kh1 Qxc5 19. Nxe6 $16) 16. f4 Qf6
17. Qa4 a6 (17... Nd5 18. Nc3 $14) 18. Nc7 (18. Qxb4 axb5 19. Rfe1 Ra4) 18...
e2 (18... Rac8 19. Qxb4 Rxc7 20. Rfe1 Rd8 21. Rad1 Rd5 22. Rxe3 Rcxc5 23. Qxb7
$16) 19. Rf2 (19. Nxa8 $2 exf1=Q+ 20. Kxf1 Qxd4 $19) 19... Qxd4 (19... Rac8 20.
Qxb4 Rxc7 21. Rxe2 $16) 20. Nxe6 $2 (20. Nxa8 Qd2 (20... Qxc5 21. Qb3 Nc2 22.
Qxe6+ Kh8 23. Rc1 e1=Q+ 24. Qxe1 Nxe1 25. Rxc5 Nd3 26. Rc7 $16) 21. Rxe2 Qxe2
22. Qxb4 Rxa8 23. Re1 Qc2 $13) 20... Qe3 $2 (20... Qd2 $1 21. Nxf8 (21. Rxe2
Qxe2 22. Nxf8 Qxb2 $19) 21... e1=Q+ 22. Rxe1 Qxe1+ 23. Rf1 Qe3+ 24. Kh1 Nd3 25.
Nd7 Nf2+ 26. Kg1 Nh3+ 27. Kh1 Qg1+ $1 $19) 21. Re1 Qxe6 (21... Nd3 22. Rexe2
Qc1+ 23. Rf1 $18) 22. Qxb4 Qxa2 23. Rfxe2 $16 Qd5 24. Re5 Qc6 25. Re7 Rab8 (
25... Rf7 $2 26. Qc4 Raf8 27. Rxf7 Rxf7 28. Re7 Qf6 29. Re8#) 26. R1e6 Qc8 (
26... Qd5 27. Rd6 Qa2 28. Rdd7 $18) 27. Qd4 Rf7 28. Qe5 Qf8 (28... Rxe7 29.
Rxe7 Qf8 30. Rxg7+ Qxg7 31. Qxb8+ Qf8 32. Qxf8+ Kxf8 $18) 29. Re8 {Ftacnik,L}
1-0

[Event "Nikolaev zt"]
[Site "Nikolaev"]
[Date "1993.??.??"]
[Round "?"]
[White "Aleksandrov, Aleksej"]
[Black "Maksimenko, Andrei"]
[Result "1-0"]
[WhiteElo "2530"]
[BlackElo "2435"]
[Annotator "Ftacnik,L"]
[PlyCount "59"]
[EventDate "1993.03.??"]
[EventType "swiss"]
[EventRounds "11"]
[EventCountry "RUS"]
[SourceTitle "CBM 035"]
[Source "ChessBase"]
[SourceDate "1993.08.01"]
[SourceVersion "1"]
[SourceVersionDate "1993.08.01"]
[SourceQuality "1"]

1. d4 Nf6 2. c4 e6 3. Nc3 Bb4 4. e3 b6 5. Nge2 c5 6. a3 Ba5 7. Bd2 O-O 8. d5 d6
(8... exd5 9. cxd5 (9. Nxd5 Nxd5 10. cxd5 Bxd2+ 11. Qxd2 Ba6 $10 {Gurevich,
D-Murey,Y/Beer Sheva/1982/}) 9... Ba6 10. g3 Re8 11. Bg2 Bxc3 12. Bxc3 Ne4 13.
O-O Nxc3 14. bxc3 d6 15. Re1 Nd7 16. Qa4 Bd3 17. Qd1 Bc4 18. Nc1 Qf6 19. Qd2 b5
20. Rb1 Nb6 21. e4 a6 22. f4 Bxd5 23. exd5 Nc4 24. Rxe8+ $13 {Zueger,B-Welin,T/
Lugano op (4)/1989/}) 9. Ng3 Bb7 (9... exd5 $1 10. cxd5 Bb7 11. e4 Re8 12. Bb5
Nbd7 13. O-O Bxc3 14. Bxc3 Nxe4 15. Bxg7 Kxg7 16. Qg4+ Kh8 17. Qxd7 Qxd7 18.
Bxd7 Nxg3 19. fxg3 Re7 20. Bg4 Bxd5 21. Rad1 Bc4 22. Rf4 d5 23. Bf3 {0-1/
Granda Zuniga,J-Psakhis,L/Aruba (4)/1992/}) (9... Re8 10. Bd3 Bb7 11. O-O Bxc3
12. Bxc3 exd5 13. cxd5 Nxd5 14. Qh5 Nf6 15. Bxf6 Qxf6 16. Qxh7+ Kf8 17. Rad1 g6
18. Qh6+ Ke7 19. Ne4 Qe5 20. f4 Qh5 21. Qxh5 gxh5 22. Ng3 Rg8 23. Nf5+ Ke6 24.
e4 $18 {Hoi,C-Nielsen,PH/DEN-ch (09)/1992/}) 10. e4 $1 exd5 11. exd5 Bxc3 $6 (
11... Re8+ 12. Be2 Nbd7 13. O-O a6 14. Rb1 $14) 12. Bxc3 b5 13. b3 Nbd7 (13...
Re8+ 14. Be2 Nbd7 15. O-O a5 16. a4 $16) 14. Be2 bxc4 15. bxc4 Re8 16. O-O Ba6
(16... Ne4 17. Nxe4 Rxe4 18. Bd3 Rh4 19. Re1 $16) 17. Qa4 $1 (17. Re1 Nb6 {xc4}
) 17... Qc8 18. Rfe1 Ne4 (18... Nb6 19. Qc2 Qd8 20. Bd3 $16) 19. Nxe4 Rxe4 20.
Bd3 Nb6 21. Qc2 Rh4 (21... Rxe1+ 22. Rxe1 h6 23. Ba1 $16) 22. g3 Rxc4 (22...
Rh6 23. Bf5 Qd8 24. Bd2 $16) 23. Bxh7+ $1 (23. Bxc4 Bxc4 $132 {xd5}) 23... Kh8
(23... Kf8 24. Bd3 Ra4 25. Bxa6 Qxa6 26. Qh7 $18) 24. Bd3 Ra4 25. Bxa6 Qxa6 26.
Re7 Rf8 (26... Nxd5 27. Rxf7 Nxc3 28. Qg6 Ne2+ 29. Kh1 Qc6+ 30. f3 $18) 27.
Rae1 Qc8 (27... Nxd5 28. Rxf7 $18) 28. R1e6 $1 Kg8 (28... fxe6 29. Bxg7+ Kg8
30. Qg6 $18) 29. Bxg7 Rc4 (29... Kxg7 30. Qg6+ Kh8 31. Qh6+ Kg8 32. Rg6+) 30.
Bc3 1-0

[Event "EU-Cup 21st"]
[Site "Saint Vincent"]
[Date "2005.09.20"]
[Round "3.1"]
[White "Winants, Luc"]
[Black "Gyimesi, Zoltan"]
[Result "1/2-1/2"]
[WhiteElo "2543"]
[BlackElo "2628"]
[Annotator "Gavrikov,V"]
[PlyCount "154"]
[EventDate "2005.09.18"]
[EventType "team-swiss"]
[EventRounds "7"]
[EventCountry "ITA"]
[SourceTitle "CBM 110"]
[Source "ChessBase"]
[SourceDate "2006.01.31"]
[SourceVersion "1"]
[SourceVersionDate "2006.01.31"]
[SourceQuality "1"]
[WhiteTeam "Liege"]
[BlackTeam "Ansfelden"]
[WhiteTeamCountry "BEL"]
[BlackTeamCountry "AUT"]

1. d4 Nf6 2. c4 e6 3. Nc3 Bb4 4. e3 c5 5. Nge2 b6 6. a3 Ba5 7. Rb1 Na6 8. Ng3 (
{Less logical is} 8. Qa4 Bb7 9. Bd2 (9. b4 $6 Bc6 $1 10. b5 Be4 11. Rb2 cxd4
12. exd4 Nc7 13. Bd2 Bb7 $15) 9... Bc6 10. Qc2 O-O 11. Ng3 Bb7 12. d5 Bxc3 13.
Bxc3 exd5 14. cxd5 (14. Bxf6 Qxf6 15. cxd5 Nc7 16. e4 Rae8 17. Be2 Qe5 {/\ f5})
14... Nxd5 15. Nf5 Nxc3 16. Qxc3 Qg5 17. Nd6 Nc7 {1/2-1/2 Babula,V-Sax,G/Pula
2001/CBM 082 ext (45)} 18. Nxb7 Qd5 19. Nxc5 bxc5 20. Rc1 d6 {and White has
problems to finish his development.}) 8... Bb7 9. Bd3 $6 ({This popular move
is dubious and a better choice is here} 9. f3 O-O 10. Bd2 d5 11. cxd5 cxd4 12.
exd4 Bxc3 13. bxc3 exd5 14. Kf2 Nc7 15. h4 {with unclear game, 1/2-1/2 Neverov,
V-Kholmov,R/Pardubice 2001/CBM 083 ext (48)}) 9... h5 $6 ({Much stronger is} 
9... Bxg2 $1 10. Rg1 Bb7 11. Bd2 O-O $1 {because White has not enough
resources for an attack,e.g.:} 12. b4 cxb4 13. Nce4 Bxe4 $1 (13... Nxe4 $143
14. Nxe4 Qe7 15. Nd6 $1 Qxd6 16. Bxh7+ Kxh7 17. Qh5+ Kg8 18. Rxg7+ Kxg7 {
1/2-1/2 Hawelko,M-Ksieski,Z/Warsaw 1981/EXT 2003 (18)}) 14. Nxe4 bxa3 15. Bxa5
bxa5 16. Nxf6+ Qxf6 17. Qh5 Rfb8 $1 18. Bxh7+ $2 (18. Qxh7+ Kf8 19. Ra1 Rb2 20.
Rg2 $17) 18... Kf8 19. Qxa5 g6 $1 $19 {0-1 Epishin,V-Nguyen Anh Dung/Qingdao
2002/CBM 091 (25)}) 10. d5 exd5 11. Nf5 ({Deserves investigation} 11. O-O $5
$146 {with possible continuation} dxc4 12. Bxc4 h4 13. Nf5 d5 14. Bb5+ Kf8 15.
b4 $1 g6 (15... cxb4 $2 16. axb4 Bxb4 (16... Nxb4 $2 17. Ba3) 17. Bxa6 Bxa6 18.
Rxb4 $16) 16. Nd4 $1 (16. bxa5 $143 gxf5) 16... cxd4 17. Qxd4 Bxb4 18. axb4 Nc7
19. Be2 Ne6 20. Qe5 {[%cal Gc1b2,Gc3b5,Gb2f6] and it seems to me that White
has sufficient compensation for the pawn.}) (11. cxd5 Nxd5 $17) 11... Qb8 12.
O-O $146 {The only reasonable reply.} ({Weak is} 12. cxd5 $2 {since after} g6
13. Ng3 Nxd5 14. Bd2 Nxc3 15. bxc3 {1/2-1/2 Vaisser,A-Serper,G/Novosibirsk
1993/CBM 036/(67)} {Black has} Bxg2 $1 16. Bxa6 (16. Rg1 Bb7) 16... h4 17. Rg1
hxg3 18. hxg3 Be4 {with a big advantage.}) 12... Bxc3 ({Perhaps more precise
was} 12... g6 {forcing} 13. Nh4 (13. Nxd5 $6 Nxd5 14. cxd5 gxf5 15. b4 cxb4 16.
Bxa6 Bxa6 17. axb4 Bxf1 18. Qxf1 Bxb4 19. Rxb4 Qd6 $17) {and only now continue}
13... Bxc3 14. bxc3 dxc4 15. Bxc4 Qe5 $5 {e.g.} 16. Nf3 Qf5 17. Bd3 Be4 18.
Bxe4 Nxe4 19. Bb2 O-O-O $5 (19... O-O 20. c4 Nc7 21. Ne5 f6 22. Nd3 Nd6 23. Rc1
$13) 20. c4 Rhe8 {when Black´s chances are preferable.}) 13. bxc3 g6 14. cxd5
$5 {An interesting positional sacrifice which allows White to gain space and
prepare the advance of the e-and f-pawns.} gxf5 (14... Nxd5 $6 15. Bb2 gxf5 16.
c4 Rg8 17. cxd5 Qd6 18. e4 {would put Black in a dangerous situation.}) 15. c4
Qd6 (15... Ng4 16. f4 Qd8 $6 17. Bb2 $1 Rg8 18. h3 Nf6 19. Bxf5 {creates an
unpleasant threat of e4-e5.}) 16. Bxf5 {[%cal Gf2f4,Ge3e4,Ge4e5]} O-O-O 17. e4
Ng4 18. f4 f6 19. Rb3 {Planning Bc1-b2.} Nc7 20. Bb2 Ba6 21. Qd3 Rde8 22. a4 $1
Rhg8 23. a5 b5 $2 {The most unfortunate move.} ({It was essential to play} 
23... bxa5 24. Rb1 Na8 25. h3 a4 $1 26. Ra3 Nh6 27. e5 fxe5 28. Bxe5 Rxe5 29.
fxe5 Qxe5 30. Bh7 Nb6 $5 (30... Rf8 31. Rxa4 Rf6 32. Ra5 Nc7 33. Rxc5 $13) 31.
Bxg8 Nxg8 32. Qg6 Nf6 33. Rf3 Ne8 34. Rf8 Kd8 35. d6 a3 36. Rxe8+ Qxe8 37. Qg5+
Kc8 38. Qxc5+ Kb7 39. Qxa3 Bxc4 40. Qc5 Be6 {with level ending.}) 24. cxb5 Bxb5
25. Rxb5 Qa6 $2 ({Black could resist more stubbornly by} 25... Nxb5 26. Qxb5
Ne3 27. Bxd7+ $1 Qxd7 28. Qxc5+ Kb7 29. Qxe3 Qxd5 30. Re1 Qd6) 26. Rb3 $1 (26.
Rc1 $143 Qxb5 27. Qxb5 Nxb5 28. Rxc5+ Kb7 29. Rxb5+ Ka6) 26... c4 27. Qc3 cxb3
28. Rc1 Qd6 (28... Qb7 $2 {loses to} 29. d6 Kb8 30. dxc7+ Kc8 31. h3 Nh6 32.
Bxd7+ $1 Kxd7 33. Qd3+ Ke7 ({if} 33... Kc8 {then} 34. Bxf6 $1 {[%cal Gd3d8]}) (
{and to the same leads} 33... Ke6 34. Qc4+ Kd7 35. Bxf6 {[%cal Gc1d1]} Kc8 36.
Qd3 $1) 34. Ba3+ Kf7 35. Qd7+ Kg6 36. c8=Q Qxc8 37. f5+) 29. e5 $2 {A critical
moment in the game.} ({After} 29. h3 $1 {Black would scarcely be able to save
himself:} Kb8 (29... Nh6 30. e5) (29... Qxf4 30. hxg4 h4 (30... hxg4 31. g3 Qd6
32. Qxb3 {/\ Rc6}) 31. Qc5 $1 Kb7 32. Qb4+ Ka6 (32... Kc8 33. d6) 33. Bxd7) 30.
hxg4 Nb5 31. Qxf6 hxg4 (31... Qxf4 32. Bxd7 Qxf6 33. Bxf6 Rxe4 34. Bxb5 $18)
32. Qxd6+ Nxd6 33. Bxd7 Rd8 (33... Rxe4 34. Be5 Rg6 35. a6 Rxe5 36. fxe5 b2 37.
Rb1 Nc4 38. e6 $18) 34. Be6 Rgf8 35. e5 Ne4 (35... Nb5 36. Rc4 Kb7 37. Bxg4 Ka6
38. d6 $18) 36. Rc4 Rxf4 37. Rb4+ Kc7 (37... Ka8 38. d6) 38. Bc1 Rf2 39. Rc4+
$1 Kb7 40. Rxe4 Rc2 41. Rb4+ Ka6 42. Bg5 $18) 29... Nxe5 ({Not} 29... fxe5 $4
30. Ba3) 30. fxe5 Rxe5 31. Ba3 Re1+ $1 {The best defence.} (31... Rxg2+ 32.
Kxg2 Qxd5+ 33. Kg3 Qxa5 34. Qxa5 Rxa5 35. Bd6 Rxf5 36. Rxc7+ Kd8 37. Rb7 Ke8
38. Rxb3 Rd5 39. Bf4 $16) 32. Rxe1 Qxa3 33. Rc1 Qd6 34. Qxb3 Re8 {Preventing
Be4.} 35. Bg6 Re5 36. Rb1 Qc5+ 37. Kh1 Qb5 $2 {Another mistake on the same
square.} ({Correct was} 37... Kd8 $1 38. Qb8+ Ke7 39. Qg8 Nxd5 40. Qg7+ Kd6 41.
Qf8+ Kc6 42. Qa8+ Kd6 43. Qb8+ Ke7 $1 44. Qe8+ Kd6 45. Qb8+ {with perpetual
check.}) 38. Qxb5 Nxb5 39. h4 $2 ({Missing a winning possibility} 39. g4 $1 Nd6
40. gxh5 Nf5 41. Rc1+ $1 Kb8 (41... Kd8 42. Rf1 Nh4 43. d6 Rxa5 44. Rg1 $1 {
[%cal Gg6f7]} Rg5 45. Rb1 Rc5 (45... Kc8 46. Bd3 $1) 46. Rb8+ Rc8 47. Rxc8+
Kxc8 48. Be4 f5 49. Bd5 Kd8 50. Bf7 Nf3 51. h6 Ng5 52. Bg6) 42. Rf1 Nh6 (42...
Nh4 43. h3 Re3 44. Rxf6 Rxh3+ 45. Kg1 Nxg6 46. hxg6 Rg3+ 47. Kf2 Rg5 48. Ke3
Kc7 49. Kf4 Rg1 50. Kf5 $18) 43. Rxf6 Rxd5 44. Be8 $1 Re5 (44... Ng4 45. Rg6)
45. Bxd7 Rxh5 46. Kg2 $18) 39... Rxd5 40. Rf1 ({Now} 40. g4 hxg4 41. h5 {
is met by} Rg5) 40... Nd4 41. Rd1 $1 Kd8 42. Bf7 Rd6 43. Bxh5 Nf5 44. Rxd6 Nxd6
45. Bg6 Nb7 46. h5 Ke7 47. Bf5 Nxa5 (47... d5 48. a6 Nc5 49. Bc8 d4 50. Kg1 Kf7
51. Kf2 $11) 48. Bxd7 Nb7 49. Bf5 a5 50. g4 Nd6 ({Or} 50... a4 51. Kg2 a3 52.
Bb1 Nd6 53. Kf3 Nb5 54. Ba2 Nc3 55. h6 Kf8 56. Bc4 a2 57. Bxa2 Nxa2 58. g5 fxg5
59. Kg4 $11) 51. Bc2 Nc4 52. h6 $6 ({Simpler was} 52. Bb3 Ne5 53. Bd1) 52...
Kf8 53. Bb3 Ne5 54. Be6 Nf7 55. h7 Nh8 56. Kg2 Kg7 57. Kg3 a4 58. Ba2 Ng6 59.
Kf3 Kxh7 60. Ke4 Ne7 61. Kf4 Kh6 62. Bc4 Nc8 63. Ba2 Nd6 64. Bd5 a3 65. Ba2 Kg6
(65... Nb5 66. Bc4 Nd4 67. Ke4 Nc2 68. Kf4 $11) 66. Bb1+ Kg7 67. Ba2 Kg6 68.
Bb1+ Kf7 69. Ba2+ Ke7 70. g5 fxg5+ (70... f5 71. Ke5 Kf8 72. Kf4 Kg7 73. Bd5
Kg6 74. Be6 Kg7 75. Bd5 $11) 71. Kxg5 Ne4+ 72. Kf4 Nc3 73. Bb3 Kd6 74. Ke3 Kc5
75. Kd3 Kb4 76. Bf7 a2 77. Bxa2 Nxa2 1/2-1/2

[Event "EU-ch 6th"]
[Site "Warsaw"]
[Date "2005.06.23"]
[Round "6"]
[White "Del Rio de Angelis, Salvador Gabriel"]
[Black "Romanishin, Oleg M"]
[Result "0-1"]
[WhiteElo "2495"]
[BlackElo "2559"]
[Annotator "Gavrikov,V"]
[PlyCount "57"]
[EventDate "2005.06.18"]
[EventType "swiss"]
[EventRounds "13"]
[EventCountry "POL"]
[SourceTitle "CBM 108"]
[Source "ChessBase"]
[SourceDate "2005.09.26"]
[SourceVersion "1"]
[SourceVersionDate "2005.09.26"]
[SourceQuality "1"]

1. d4 Nf6 2. c4 e6 3. Nc3 Bb4 4. e3 b6 5. Nge2 c5 6. a3 Ba5 {The favourite
variation of Romanishin. Black prepares Bb7 and tries to disturb White´s
development.} 7. Rb1 Na6 8. Ng3 ({White has also the following main
possibilities:} 8. Qa4 Bb7 9. Bd2 ({if} 9. b4 {then} Bc6 $1 10. b5 Be4 11. Rb2
cxd4 12. exd4 Nc7) 9... Bc6 10. Qc2 O-O 11. Ng3 Bb7 12. d5 Bxc3 13. Bxc3 exd5
14. cxd5 Nxd5 15. Nf5 Nxc3 16. Qxc3 Qg5 17. Nd6 Nc7 $8 {1/2-1/2 Babula,V-Sax,G/
Pula 2001/CBM 082 ext (45)} {with the idea} 18. Nxb7 Qd5 19. Nxc5 bxc5 $11) (8.
Bd2 O-O 9. Ng3 (9. Nf4 Bb7 10. Bd3 cxd4 11. exd4 Bxc3 12. bxc3 (12. Bxc3 d5)
12... Be4 13. O-O Qc8 14. Qa4 Bxd3 15. Nxd3 Ne4 16. Rfd1 Nxd2 17. Rxd2 d6 $11 {
1/2-1/2 Tisdall,J-Brynell,S/Skei 1995/EXT 97 (37)}) (9. d5 d6 10. Ng3 exd5 (
10... Bxc3 11. Bxc3 exd5 12. cxd5 Nc7 13. Bc4 b5 14. Ba2 a5 (14... c4 $5) 15.
Qf3 b4 16. Bxf6 Qxf6 17. Qxf6 gxf6 18. Bc4 Ba6 19. Bxa6 Rxa6 $13 {1-0 Lugovoi,
A-Grosar,A/Budapest 1994/CBM 042 ext (38)}) 11. Nxd5 Nxd5 12. cxd5 Bxd2+ 13.
Qxd2 Nc7 14. Be2 a5 $5 15. O-O a4 16. e4 f5 $132 {0-1 Haugli,P-Ostenstad,B/
Oslo 1991/EXT 97 (32)}) 9... Bb7 ({also playable is} 9... d5 10. cxd5 cxd4 11.
exd4 Bxc3 12. bxc3 Qxd5 ({or} 12... exd5 13. Be2 Nc7 14. Bf4 Ne6 15. Be3 Qc7
16. Qd2 Ne8 17. O-O Nd6 {1/2-1/2 Arlandi,E-Palac,M/Montecatini Terme 1997/CBM
061 ext (86)}) 13. Be2 Bb7 14. f3 Nb8 15. O-O Nc6 16. Bd3 Qd6 $13 {0-1
Beliavsky,A-Sax,G/Hungary 1997/EXT 2000 (49)}) 10. Bd3 d5 ({deserves further
investigation} 10... Bxg2 $5 11. Rg1 Bb7 {when White has to prove that he has
something better than} 12. b4 (12. d5 Ne8) 12... cxb4 13. Nce4 Bxe4 $1 14. Nxe4
bxa3 15. Bxa5 bxa5 16. Nxf6+ Qxf6 17. Qh5 Rfb8 $1 $15 {0-1 Epishin,V-Nguyen
Anh Dung/Qingdao 2002/CBM 091 (25)}) 11. cxd5 cxd4 12. exd4 Bxc3 13. bxc3 Qxd5
14. f3 (14. Qe2 Nb8 15. f3 Qa2 $1 16. Bc1 (16. Ne4 $143 Nxe4 17. fxe4 Ba6 18.
O-O Bxd3 19. Qxd3 Qxa3 20. Qg3 f6 21. Bf4 e5 $1 22. dxe5 Qc5+ 23. Kh1 Nc6 $15 {
0-1 Graf,A-Psakhis,L/Moscow 1992/CBM 033 (63)}) 16... Qxe2+ 17. Kxe2 Rc8 18.
Bd2 Ba6 {with comfortable ending for Black, 0-1 Vaisser,A-Bauer,C/Val d'Isere
2002/CBM 091 (99)}) 14... Nc5 (14... e5 $13) 15. Bc2 (15. Be2 $142 Ncd7 16. O-O
) 15... Ncd7 16. O-O Ba6 17. Re1 Rac8 $132 {1/2-1/2 Mohota,N-Ravi,L/Calcutta
2002/CBM 088 (53)}) 8... Bb7 9. Bd3 O-O {This natural reply has a dubious
reputation.} ({After} 9... h5 10. d5 exd5 (10... h4 $143 11. Nge4 Nxe4 12. Bxe4
exd5 13. Bxd5 Bxd5 14. cxd5 Qg5 15. O-O Bxc3 16. bxc3 Qg6 17. e4 O-O 18. f3 $14
{0-1 Ingbrandt,J-Agrest,E/Sweden 2001/EXT 2003 (40) /\ Qa4} (18. Qa4 h3 19. g3
Nb4 $1)) {I can suggest} 11. O-O $5 $146 (11. Nf5 $2 Qb8 $1 12. cxd5 g6 13. Ng3
Nxd5 14. Bd2 Nxc3 15. bxc3 {1/2-1/2 Vaisser,A-Serper,G/Novosibirsk 1993/CBM
036/(67)} Bxg2 $1 16. Bxa6 h4 17. Rg1 hxg3 18. hxg3 Be4 $17) 11... dxc4 12.
Bxc4 h4 13. Nf5 d5 14. Bb5+ Kf8 15. b4 $1 g6 (15... cxb4 $2 16. axb4 Bxb4 (
16... Nxb4 $2 17. Ba3) 17. Bxa6 Bxa6 18. Rxb4 $16) 16. Nd4 $1 cxd4 17. Qxd4
Bxb4 18. axb4 Nc7 19. Be2 Ne6 20. Qe5 {with compensation for the pawn}) ({
but the critical continuation is} 9... Bxg2 $5 10. Rg1 Bb7 (10... Bxc3+ 11.
bxc3 Bb7 12. e4 d6 13. Nh5 Nxh5 14. Qxh5 Qf6 {0-1 Gual Pascual,A-Lopez Moll,J/
Badalona 2001/EXT 2002 (22)} 15. e5 dxe5 16. dxe5 g6 17. exf6 gxh5 $13) {when}
11. Bd2 O-O {transposes to the line given above.}) 10. O-O d5 11. cxd5 exd5
$146 ({This new move does not solve all Black´s problems but is at least
better than the alternatives:} 11... cxd4 $2 12. Nce2 $1 b5 (12... dxe3 $2 13.
b4 exf2+ 14. Rxf2 Ng4 15. Rf4 Qxd5 16. Bxh7+ Kxh7 17. Qxd5 Bxd5 18. Rxg4 {
1-0 Beliavsky,A-Schlecht,D/Copenhagen 2004/CBM 101 ext (18)}) 13. dxe6 dxe3 14.
Bxe3 $16) (11... Bxc3 $2 12. bxc3 exd5 13. f3 Re8 14. Qe2 Qc8 15. e4 $16) 12.
Bxa6 Bxa6 13. b4 Bxf1 14. Kxf1 cxb4 15. axb4 Rc8 16. Bd2 Bxb4 17. Rxb4 Qd6 18.
Qb3 {The resulting position looks in White´s favour because it is not easy for
Black to move his passed pawns and the weakness on d5 claims permanent
attention.} Rc6 19. Nf5 Qc7 20. Be1 $6 ({The best was} 20. h3 $1 Rd8 21. Rb5 {
intending to meet} g6 {with} 22. Nh6+ (22. Ng3 Rc4 $13) 22... Kg7 23. Ng4 Nxg4
24. hxg4 a6 25. Rb4 $5 (25. Nxd5 Rc1+ 26. Ke2 Qc2 27. Rxb6 Rxd5 28. Qxd5 Qd1+
29. Kd3 Qc2+ $11) 25... Qh2 26. Nxd5 (26. Rxb6 Rxb6 27. Qxb6 Rb8 28. Qxa6 Rb2
29. Ke2 Qxg2 30. Qc8 h6 $13) 26... Qh1+ 27. Ke2 Qxg2 28. Nf4 Qxg4+ 29. f3 Qh4
30. Rxb6 $14) 20... g6 21. Ng3 Rc8 $5 22. Nxd5 Nxd5 23. Qxd5 Rc1 24. Ne2 $2 {
Overlooking Black´s tactical resource.} ({White should have continued} 24. Qb3
a5 25. Ra4 (25. Rxb6 $2 a4 26. Qb4 a3) 25... Qc2 26. Qxc2 R8xc2 27. Ne2 Rb1 {
with an unclear endgame.}) 24... Qxh2 $1 25. Ng3 $4 {Loses immediately.} ({
The only possibility to prolong the game was} 25. Nxc1 Qh1+ 26. Ke2 Rxc1 27.
Kf3 (27. Bd2 $2 Qd1+ 28. Kd3 Rc2) 27... Qxe1 28. Rb2 h5 29. Qe4) 25... h5 {
Now White cannot parry the threat of h5-h4.} 26. Ra4 a5 (26... h4 27. Rxa7 Rf8
28. Ne4 Qh1+ 29. Ke2 Rxe1+ 30. Kf3 h3 31. Qg5 hxg2 32. Qxg2 Qh5+ 33. Kg3 Kg7 {
wins too.}) 27. Ke2 Qg1 28. Bd2 Qd1+ 29. Kd3 ({and resigned in view of the
obvious} 29. Kd3 R1c3+) 0-1

[Event "Match/Nation U30 HUN-DDR 8,5-7,5"]
[Site "Budapest"]
[Date "1981.11.05"]
[Round "2.4"]
[White "Gruenberg, Hans Ulrich"]
[Black "Orso, Miklos"]
[Result "1-0"]
[WhiteElo "2435"]
[BlackElo "2335"]
[Annotator "Gruenberg,HU"]
[PlyCount "79"]
[EventDate "1981.11.04"]
[EventType "team-match"]
[EventRounds "2"]
[EventCountry "HUN"]
[SourceTitle "EXT 2003"]
[Source "ChessBase"]
[SourceDate "2002.11.25"]
[SourceVersion "1"]
[SourceVersionDate "2002.11.25"]
[SourceQuality "1"]

{SCHACH 12/1981} 1. d4 Nf6 2. c4 e6 3. Nc3 Bb4 4. e3 c5 5. Nge2 cxd4 6. exd4
O-O 7. a3 Be7 8. d5 exd5 9. cxd5 Re8 10. Be3 $6 ({Besser sind die Theoriezüge} 
10. h3) ({oder} 10. d6) 10... Ng4 $1 11. Bd4 Bf6 12. g3 (12. h3 Bxd4 13. Qxd4
Ne5 {und der weisse Läufer ist eingemauert.}) 12... Bxd4 13. Qxd4 Ne5 14. Bg2
d6 15. h3 Nbd7 16. f4 Ng6 17. O-O a6 $2 (17... Nc5 18. Rae1 Nb3 19. Qd1 Qb6+
20. Kh1 Bd7) 18. Ne4 $1 Qb6 19. Rfe1 Rd8 20. a4 a5 21. Rac1 h6 22. b3 Kf8 23.
Kh2 f5 $6 (23... Ne7 24. Qd3 Qb4) 24. Qxb6 Nxb6 25. N4c3 Bd7 26. Nd4 Kf7 27.
Re3 $1 Rac8 28. Rce1 Rc5 29. h4 Kg8 30. h5 Nf8 {[#]} 31. Ne6 $1 Nxe6 32. dxe6
Bxe6 (32... Bc6 33. Nb5) 33. Rxe6 Rxc3 34. Re7 d5 (34... Rd7 35. Bd5+ Nxd5 (
35... Kh7 36. Bf7) 36. Rxd7 {dürfte schliesslich auch für Weiss gewonnen sein.}
) 35. Rxb7 Nc8 36. Re5 Rc2 37. Kh3 d4 38. Bd5+ Kh8 39. Rd7 $1 Rf8 40. Rxf5 $1
1-0

[Event "Bourgoin Jallieu GM"]
[Site "Bourgoin Jallieu"]
[Date "1982.06.20"]
[Round "3"]
[White "Groszpeter, Attila"]
[Black "Gurevich, Dmitry"]
[Result "1/2-1/2"]
[WhiteElo "2475"]
[BlackElo "2470"]
[Annotator "Gurevich,D"]
[PlyCount "33"]
[EventDate "1982.06.18"]
[EventType "tourn"]
[EventRounds "13"]
[EventCountry "FRA"]
[EventCategory "7"]
[SourceTitle "EXT 2016"]
[Source "ChessBase"]
[SourceDate "2015.10.08"]
[SourceVersion "1"]
[SourceVersionDate "2015.10.08"]
[SourceQuality "1"]

1. d4 Nf6 2. c4 e6 3. Nc3 Bb4 4. e3 b6 5. Nge2 c5 6. a3 Ba5 7. Rb1 Na6 8. Nf4
O-O 9. Bd3 Bb7 10. O-O Bxc3 11. bxc3 Be4 12. f3 Bxd3 13. Nxd3 Qc8 14. Qa4 Nb8
15. e4 Nc6 $6 (15... d6 $5 16. Bf4 Ne8 $1 $13 {inf}) 16. d5 Na5 17. Bg5 1/2-1/2